00682nam a2200193 4500003000900000005001700009008002500026040002800051082001100079100004100090245007100131260006000202300002200262942001200284945003600296952010100332956003800433999001700471DO-SdBNP20171124113537.0171124b1 ca 00| 0 spa d aDO-SdBNPbspacDO-SdBNP axxbxx aTorres Rioseco, Arturo, d1897-1971. aThe epic of Latin American literature / cArturo Torres Ríoseco. a Los Angeles : bUniversity of California Press, c1967 a277 p. ;c20 cm.  2ddccBK aInventario extranjero / 2017 VM 00102ddc40708CGaBPMETbBPMETd2017-11-24l0oxx xxpBPM17110419r2017-11-24w2017-11-24yBK aVMATEOb10c20171124dBPMSUf0069 c13085d13085